000 00858nam a22002055i 4500
001 178666
003 ES-MaACL
005 20230906220601.0
008 110610s1971 sp f |||| | spa d
080 _a618.19-006
100 1 _aVendrell Torné, Enrique.
_9113879
245 1 0 _aLinfogammagrafía de la mama /
_cresumen de la tesis presentada para aspirar al grado de doctor en medicina por Enrique Vendrell Torné.
260 _aBarcelona :
_bUniversidad de Barcelona, Secretariado de Publicaciones, Intercambio Científico y Extensión Universitaria :
_bIvern,
_c1971.
300 _a33, [4] p. de lám. bl. y n. ;
_c24 cm.
500 _aCub. tomada como port.
504 _aBibliografía: p. 31-33.
650 4 _aMamas-
_xCáncer-
_vDiagnóstico.
_914745
710 2 _aUniversidad de Barcelona.
_97141
852 _aES-MaACL
_jE-15361 (73)
_xOlim P-1374
999 _c178666
_d178666